[Event "London Classic Superrapid"]
[Site "London ENG"]
[Date "2015.12.13"]
[Round "6.8"]
[White "Haria, Ravi"]
[Black "Hawkins, Jonathan"]
[Result "0-1"]
[WhiteTitle "FM"]
[BlackTitle "GM"]
[WhiteElo "2445"]
[BlackElo "2563"]
[WhiteFideId "415820"]
[BlackFideId "412686"]
[EventDate "2015.12.12"]

1. Nf3 d5 2. g3 Nf6 3. Bg2 g6 4. O-O Bg7 5. d4 O-O 6. c4 dxc4 7. Na3 c3 8. bxc3
c5 9. Re1 Nc6 10. Bb2 Qb6 11. Nc4 Qa6 12. Nce5 Nxe5 13. Nxe5 Be6 14. e4 Nd7 15.
Nf3 Rfd8 16. d5 Bg4 17. h3 Bxf3 18. Bxf3 c4 19. Qc2 Nc5 20. Be2 b5 21. a4 bxa4
22. Ba3 Nb3 23. Rad1 e6 24. Kg2 Rab8 25. f4 Bf8 26. Qa2 exd5 27. exd5 Bxa3 28.
Qxa3 Qa5 29. d6 Qxc3 30. Qxa4 Nd4 31. Qxc4 Nxe2 0-1

[Event "London Classic Superrapid"]
[Site "London ENG"]
[Date "2015.12.13"]
[Round "6.9"]
[White "Georgescu, Tiberiu-Marian"]
[Black "Bauer, Christian"]
[Result "0-1"]
[WhiteTitle "GM"]
[BlackTitle "GM"]
[WhiteElo "2453"]
[BlackElo "2626"]
[WhiteFideId "1213300"]
[BlackFideId "603767"]
[EventDate "2015.12.12"]

1. d4 a6 2. e4 e6 3. Nf3 d5 4. exd5 exd5 5. c4 Nf6 6. Nc3 Bb4 7. Bd3 O-O 8. O-O
dxc4 9. Bxc4 Nc6 10. h3 h6 11. Be3 Bd6 12. Qd3 Na5 13. Nd2 b5 14. Bb3 Nxb3 15.
Nxb3 b4 16. Ne2 a5 17. Rfd1 Re8 18. Nf4 g5 19. Ne2 Nd5 20. Re1 Ba6 21. Qd2 Qe7
22. Nec1 Qe4 23. Nxa5 Bf4 24. Kh1 Nxe3 25. fxe3 Bxe3 26. Qxb4 Qxd4 27. Qxd4 Bxd4
28. Ncb3 Bxb2 29. Rad1 Bc3 30. Rxe8+ Rxe8 31. Nc5 Be2 32. Rd5 Bxa5 33. Nd7 Bc3 0-1

[Event "London Classic Superrapid"]
[Site "London ENG"]
[Date "2015.12.13"]
[Round "6.10"]
[White "Edouard, Romain"]
[Black "Kilpatrick, Callum"]
[Result "0-1"]
[WhiteTitle "GM"]
[BlackTitle "FM"]
[WhiteElo "2635"]
[BlackElo "2352"]
[WhiteFideId "633429"]
[BlackFideId "414425"]
[EventDate "2015.12.12"]

1. d4 Nf6 2. g3 g6 3. Bg2 Bg7 4. e4 d6 5. Nc3 O-O 6. Nge2 c6 7. a4 Nbd7 8. O-O
e5 9. h3 Re8 10. Re1 Qc7 11. b3 b6 12. Ba3 Bb7 13. Qd2 Rad8 14. d5 Nc5 15. b4
Ncd7 16. dxc6 Bxc6 17. b5 Bb7 18. Qxd6 Qc4 19. Qd3 Qxd3 20. cxd3 Nf8 21. Red1
Ne6 22. Rac1 Rd7 23. f4 exf4 24. Nxf4 Nxf4 25. gxf4 Bh6 26. Ne2 Nh5 27. Bf3 Nxf4
28. Nxf4 Bxf4 29. Rc4 Red8 30. Be2 Rd4 31. Rxd4 Rxd4 32. Bc1 Bd6 33. Bg5 f5 34.
exf5 gxf5 35. Ra1 f4 36. Bf6 Bc5 37. Kh2 Rd6 38. d4 Bxd4 39. Rd1 Bc5 40. Be5
Rxd1 41. Bxd1 Be3 42. Bb3+ Kf8 43. Bc4 Be4 44. Bb3 Ke7 45. Bb8 Kd7 46. h4 Kc8
47. Be5 Kb7 48. Bc3 Kc7 49. Be5+ Kd7 50. Bb8 Bf3 51. Bc2 h5 52. Bf5+ Kd8 53. Bc2
Be2 54. Bg6 Kc8 55. Be5 Kd7 56. Bb8 Kc8 57. Be5 Bf3 58. Bc3 Kc7 59. Be5+ Kb7 60.
Bd3 Kc8 61. Bf5+ Kd8 62. Bf6+ Kc7 63. Be5+ Kd8 64. Bf6+ Ke8 65. Be5 Kf7 66. Bb8
Be2 67. Bxa7 f3 68. Kg3 f2 69. Bh3 f1=Q 70. Bxf1 Bxf1 71. a5 Bxb5 72. axb6 Bc6
73. Bb8 Bxb6 74. Kf4 Kg6 75. Bd6 Bd8 76. Kg3 Kf5 77. Bb4 Bf6 78. Be1 Be5+ 79.
Kh3 Ke4 80. Kg2 Kf4+ 81. Kg1 Kf3 82. Bb4 Bd4+ 83. Kh2 Kf2 84. Bd6 Kf3 85. Bc7
Bf6 86. Kh3 Bd7+ 87. Kh2 Bxh4 88. Kh1 Bg3 0-1

[Event "London Classic Superrapid"]
[Site "London ENG"]
[Date "2015.12.13"]
[Round "6.11"]
[White "Fernandez, Daniel Howard"]
[Black "Hammer, Jon Ludvig"]
[Result "1/2-1/2"]
[WhiteTitle "IM"]
[BlackTitle "GM"]
[WhiteElo "2476"]
[BlackElo "2682"]
[WhiteFideId "5801605"]
[BlackFideId "1503707"]
[EventDate "2015.12.12"]

1. c4 e5 2. g3 Nf6 3. Bg2 d5 4. cxd5 Nxd5 5. Nc3 Nb6 6. Nf3 Nc6 7. O-O Be7 8. b4
Bxb4 9. Bb2 O-O 10. d3 Re8 11. Rc1 Be6 12. a3 Bf8 13. Ne4 f6 14. Nc5 Bxc5 15.
Rxc5 Qd6 16. Rc1 Qd7 17. Nd2 Bh3 18. Bxc6 bxc6 19. Re1 Rab8 20. Qc2 Re6 21. Ne4
Qd5 22. f3 Re7 23. Qxc6 Be6 24. Qc5 Rf7 25. Bc3 Na4 26. Qxd5 Bxd5 27. Bb4 Rb5
28. Nc5 a5 29. Nxa4 axb4 30. Rb1 Ra5 31. Rxb4 Bc6 32. Rb8+ Rf8 33. Rxf8+ Kxf8
34. Nb2 Rxa3 35. Rc1 Ra6 36. Kf2 Ke7 37. Nc4 Kd7 38. h4 Ra2 39. Ne3 Bb5 40. Nc4
h5 41. Ke3 c6 42. Nd2 f5 43. f4 e4 44. dxe4 fxe4 45. Nxe4 Rxe2+ 46. Kd4 Rb2 47.
f5 Kc7 48. Nc5 Rb4+ 49. Ke5 Rg4 50. Rc3 Kb6 51. Ne6 Ka5 52. Nf4 Kb4 53. Re3 c5
54. Nxh5 Be8 55. Nf4 Bf7 56. Nd3+ Kb5 57. Nf2 Rd4 58. Rd3 Rxd3 59. Nxd3 c4 60.
Ne1 Kb4 61. g4 Kc3 62. h5 Kd2 63. Nf3+ Ke3 64. Nd4 c3 65. Nc2+ Kd3 66. Na3 Ke3
67. f6 Kf3 68. fxg7 Kxg4 69. Kf6 Bg8 70. Kg6 Bd5 71. h6 Be4+ 72. Kf7 Kh5 73. Kf6
Bh7 74. Nc2 Kxh6 75. Nd4 Bg8 76. Nc2 Kh7 77. Nd4 Kh6 78. Nc2 Kh7 1/2-1/2

[Event "London Classic Superrapid"]
[Site "London ENG"]
[Date "2015.12.13"]
[Round "6.12"]
[White "Summerscale, Aaron P"]
[Black "Ghasi, Ameet K"]
[Result "0-1"]
[WhiteTitle "GM"]
[BlackTitle "IM"]
[WhiteElo "2418"]
[BlackElo "2469"]
[WhiteFideId "400980"]
[BlackFideId "409200"]
[EventDate "2015.12.12"]

1. d4 Nf6 2. Nf3 g6 3. c4 d6 4. Nc3 Bg7 5. e4 O-O 6. Be2 Nbd7 7. O-O e5 8. Re1
Qe7 9. Bf1 c6 10. Rb1 h6 11. b4 exd4 12. Nxd4 Ng4 13. Qxg4 Bxd4 14. Qg3 Bg7 15.
Bd2 a5 16. b5 a4 17. Rbc1 Re8 18. h3 Kh7 19. f3 Nc5 20. Qf2 Qf8 21. Be3 f5 22.
exf5 Bxf5 23. Red1 h5 24. g4 Be6 25. Kg2 Be5 26. Qc2 Qf6 27. Qd2 Rf8 28. f4 Bxf4
29. Bxf4 Qxf4 30. Qxf4 Rxf4 31. gxh5 gxh5 32. Rxd6 Rc8 33. Re1 Bf7 34. Kh1 Rf3
35. Ne2 Nd3 36. Rb1 Rg8 37. Nd4 Nf2+ 38. Kh2 Rf4 39. bxc6 bxc6 40. Rb7 Rg7 41.
Rdd7 Kh6 42. Bg2 Nd3 43. Nf3 Nc5 44. Rd6+ Rg6 45. Rxg6+ Bxg6 46. Rc7 Be4 47. Ne1
Rf2 48. Kg3 Re2 49. Nf3 Rxa2 50. Nh4 Kg5 51. Rg7+ Kf6 52. Rc7 Ke5 53. Re7+ Kd4
54. Bxe4 Nxe4+ 55. Kf4 Nc5 56. Rc7 Ne6+ 0-1

[Event "London Classic Superrapid"]
[Site "London ENG"]
[Date "2015.12.13"]
[Round "6.13"]
[White "Guramishvili, Sopiko"]
[Black "Grigoriants, Sergey"]
[Result "0-1"]
[WhiteTitle "IM"]
[BlackTitle "GM"]
[WhiteElo "2371"]
[BlackElo "2603"]
[WhiteFideId "13602888"]
[BlackFideId "4130804"]
[EventDate "2015.12.12"]

1. Nf3 c5 2. g3 g6 3. Bg2 Bg7 4. O-O Nc6 5. d3 d6 6. e4 e5 7. Nc3 Nge7 8. Bg5 h6
9. Be3 O-O 10. Qd2 Kh7 11. a3 Be6 12. Rab1 Qd7 13. b4 b6 14. Nd5 f5 15. b5 Bxd5
16. exd5 Nd4 17. Bxd4 cxd4 18. Qb4 Rac8 19. Nd2 Rc5 20. Qb3 Rc3 21. Qa2 Rfc8 22.
Rb2 h5 23. a4 Bh6 24. Nb1 R3c5 25. Na3 h4 26. f4 hxg3 27. hxg3 Ng8 28. Nc4 Nf6
29. a5 Rxc4 30. dxc4 Ng4 31. axb6 axb6 32. Rb4 Ne3 33. Rf2 Rc7 34. Ra4 Nd1 35.
Rf1 Nc3 36. Qa3 Nxa4 37. Qxa4 exf4 38. gxf4 Qe7 39. Qb3 Qe3+ 40. Qxe3 dxe3 41.
Bf3 Rxc4 42. Ra1 Bxf4 43. Ra6 Rc7 44. Be2 Rxc2 45. Kf1 Be5 46. Rxb6 f4 47. Rb7+
Kh6 48. Rf7 Rb2 49. Bd3 Kg5 50. Rf8 Kg4 51. b6 f3 0-1

[Event "London Classic Superrapid"]
[Site "London ENG"]
[Date "2015.12.13"]
[Round "6.14"]
[White "Vuilleumier, Alexandre"]
[Black "Jones, Gawain C B"]
[Result "0-1"]
[WhiteTitle "IM"]
[BlackTitle "GM"]
[WhiteElo "2342"]
[BlackElo "2615"]
[WhiteFideId "1305662"]
[BlackFideId "409561"]
[EventDate "2015.12.12"]

1. e4 d6 2. d4 Nf6 3. Nc3 g6 4. Bg5 c6 5. Qd2 b5 6. Bd3 Bg7 7. f4 b4 8. Nce2 d5
9. Bxf6 exf6 10. Qxb4 a5 11. Qa3 Nd7 12. exd5 Bf8 13. d6 Nb6 14. c4 Bxd6 15. c5
Be7 16. Nf3 Nd5 17. O-O Nb4 18. Rad1 O-O 19. Bb1 Ba6 20. Rfe1 Bxe2 21. Rxe2 Bxc5
22. Qc3 Bd6 23. g3 Qd7 24. Be4 f5 25. Bb1 Nd5 26. Qc1 Qb7 27. Ne5 Rfc8 28. Nd3
Qb5 29. b3 a4 30. Qc2 axb3 31. axb3 Ra3 32. Nc5 Bxc5 33. dxc5 Nc3 0-1

[Event "London Classic Superrapid"]
[Site "London ENG"]
[Date "2015.12.13"]
[Round "6.15"]
[White "Radovanovic, Jovica"]
[Black "Jumabayev, Rinat"]
[Result "0-1"]
[WhiteTitle "FM"]
[BlackTitle "GM"]
[WhiteElo "2320"]
[BlackElo "2599"]
[WhiteFideId "915912"]
[BlackFideId "13702661"]
[EventDate "2015.12.12"]

1. d4 Nf6 2. Nf3 g6 3. c4 Bg7 4. Nc3 d5 5. cxd5 Nxd5 6. e4 Nxc3 7. bxc3 c5 8.
Bb5+ Nd7 9. O-O O-O 10. Re1 Qa5 11. a4 a6 12. Bf1 Rd8 13. Qb3 e6 14. Bg5 Re8 15.
h4 h6 16. Bf4 Qd8 17. Rad1 cxd4 18. cxd4 b6 19. Qe3 Nf6 20. Ne5 Bb7 21. f3 Nh5
22. Bh2 Qxh4 23. g4 Nf6 24. Nc4 Bc6 25. Nxb6 Rad8 26. Bc7 a5 27. Re2 Nh7 28. Rc2
Bxe4 29. Qxe4 Ng5 30. Bxd8 Qg3+ 31. Rg2 Nxf3+ 32. Qxf3 Qxf3 33. Bc7 Qxd1 0-1

[Event "London Classic Superrapid"]
[Site "London ENG"]
[Date "2015.12.13"]
[Round "6.16"]
[White "Bok, Benjamin"]
[Black "Pert, Richard G"]
[Result "1-0"]
[WhiteTitle "GM"]
[BlackTitle "IM"]
[WhiteElo "2591"]
[BlackElo "2448"]
[WhiteFideId "1017063"]
[BlackFideId "404748"]
[EventDate "2015.12.12"]

1. e4 c5 2. Nf3 d6 3. Bb5+ Nd7 4. O-O a6 5. Bd3 Ngf6 6. c3 b5 7. Bc2 Bb7 8. Re1
c4 9. b3 e6 10. bxc4 bxc4 11. Na3 Rc8 12. Rb1 Ba8 13. Qe2 d5 14. exd5 Bxd5 15.
d3 cxd3 16. Bxd3 Rxc3 17. Nc2 Nc5 18. Bxa6 Nxa6 19. Qxa6 Be7 20. Qb5+ Qd7 21.
Qb8+ Qc8 22. Qb5+ Qd7 23. Qb8+ Qc8 24. Qxc8+ Rxc8 25. Nb4 Be4 26. Rb3 O-O 27.
Bb2 Rc4 28. Bxf6 Bxb4 29. Rxb4 Rxb4 30. Be7 Ra4 31. Bxf8 Bxf3 32. Bd6 Bd5 33. a3
f6 34. Bb4 Ra6 35. Ra1 Bb3 36. Rc1 Ra7 37. f3 Kf7 38. Kf2 e5 39. Rc3 Bd5 40. Rc8
Be6 41. Rf8+ Kg6 42. Re8 Kf7 43. Rf8+ Kg6 44. Rb8 h5 45. Rb6 Kf7 46. h4 Bf5 47.
Rc6 e4 48. Rc5 Bg6 49. fxe4 Bxe4 50. Rxh5 f5 51. g3 Rc7 52. Ke3 Rc1 53. g4 Rf1
54. gxf5 Bxf5 55. Rh8 Rh1 56. Kf4 Bd7 57. Kg3 Rg1+ 58. Kf2 Rg4 59. Kf3 Rc4 60.
Ke3 Rg4 61. Rf8+ Kg6 62. Be7 Bc6 63. Kd3 Re4 64. Rc8 Re6 65. Bg5 Bd7 66. Rc7
Rd6+ 67. Ke4 Rd1 68. Ra7 Bf5+ 69. Ke5 Re1+ 70. Kd4 Rd1+ 71. Kc5 Rd3 72. a4 Rc3+
73. Kb4 Rc8 74. a5 Rb8+ 75. Kc5 Rc8+ 76. Kb6 Be4 77. a6 Rc6+ 78. Ka5 Bd3 79. Ra8
Rc2 80. a7 Ra2+ 81. Kb6 Rb2+ 82. Kc5 Ra2 83. Rd8 Be4 84. Rd7 Bf3 85. Re7 Bg2 86.
Be3 Kf6 87. Bg5+ Kg6 88. Rd7 Rc2+ 89. Kb4 Rb2+ 90. Kc3 Ra2 91. Kb3 Ra6 92. Kb4
Ra2 93. Re7 Bf3 94. Kb3 Ra6 95. Rc7 Ra1 96. Be3 Kh5 97. Bg5 g6 98. Kb2 Ra6 99.
Kc3 Ra1 100. Kd4 Bg2 101. Ke5 Ra6 102. Kf4 Ra4+ 1-0

[Event "London Classic Superrapid"]
[Site "London ENG"]
[Date "2015.12.13"]
[Round "6.17"]
[White "Netzer, Jacques"]
[Black "Speelman, Jon S"]
[Result "0-1"]
[WhiteTitle "FM"]
[BlackTitle "GM"]
[WhiteElo "2318"]
[BlackElo "2517"]
[WhiteFideId "652873"]
[BlackFideId "400033"]
[EventDate "2015.12.12"]

1. e4 c6 2. c4 d5 3. exd5 cxd5 4. cxd5 Nf6 5. Nc3 Nxd5 6. Nf3 Nc6 7. d4 a6 8.
Bc4 Be6 9. Bb3 Nxc3 10. bxc3 Bd5 11. O-O e6 12. Re1 Be7 13. Qd3 O-O 14. Bc2 g6
15. h4 Bxf3 16. Qxf3 Bxh4 17. Bh6 Re8 18. Rab1 Qd7 19. Re4 Be7 20. Rf4 Bf8 21.
Qh3 Bxh6 22. Qxh6 f5 23. a4 Rac8 24. Rf3 Nxd4 25. Rd3 Rxc3 26. Rxd4 Qxd4 27.
Rxb7 Qh8 28. Bb3 Rxb3 29. Rxb3 Qa1+ 30. Kh2 Qe5+ 31. f4 Qg7 32. Qxg7+ Kxg7 33.
Rb7+ Kf6 34. Ra7 Rc8 35. Rxa6 Rc4 36. Kg3 h6 37. a5 Ra4 38. Ra8 g5 39. fxg5+
hxg5 40. a6 Ra3+ 41. Kf2 g4 42. a7 Ke5 43. g3 Ke4 44. Re8 Ra2+ 45. Kg1 Rxa7 46.
Rxe6+ Kf3 0-1

[Event "London Classic Superrapid"]
[Site "London ENG"]
[Date "2015.12.13"]
[Round "6.19"]
[White "Cordes, Hans-Joerg"]
[Black "Rowson, Jonathan"]
[Result "0-1"]
[WhiteTitle "FM"]
[BlackTitle "GM"]
[WhiteElo "2248"]
[BlackElo "2569"]
[WhiteFideId "4602234"]
[BlackFideId "2400561"]
[EventDate "2015.12.12"]

1. d4 d5 2. c4 c6 3. Nf3 Nf6 4. Nc3 a6 5. e3 b5 6. b3 Bg4 7. h3 Bh5 8. g4 Bg6 9.
Ne5 e6 10. h4 Bb4 11. Bd2 Bxc3 12. Bxc3 Ne4 13. Bb4 a5 14. h5 Bxh5 15. Rxh5 axb4
16. cxb5 Qf6 17. Qc2 g6 18. Rh2 c5 19. f3 Nc3 20. a4 Ra5 21. Qd2 O-O 22. Rc1 Ra8
23. Rxc3 bxc3 24. Qxc3 cxd4 25. Qxd4 Rc8 26. Bd3 Qe7 27. g5 Qxg5 28. Kf2 Rc1 29.
Rg2 Qh6 30. Bf1 f6 31. Nd3 Rc2+ 32. Be2 Nd7 33. Kg1 Rd2 34. f4 Rc8 35. Rh2 Qf8
36. Bg4 Rc1+ 37. Nxc1 Rxd4 38. Bxe6+ Kg7 39. exd4 Qd6 40. f5 Nf8 41. Re2 Qg3+
42. Rg2 Qe1+ 43. Kh2 Qh4+ 44. Kg1 Qe1+ 45. Kh2 Qxc1 46. Bxd5 Qf4+ 47. Kh1 Qxd4
48. Bc4 Nd7 49. fxg6 hxg6 50. a5 Qa1+ 51. Kh2 Qxa5 0-1

[Event "London Classic Superrapid"]
[Site "London ENG"]
[Date "2015.12.13"]
[Round "6.20"]
[White "Baron, Tal"]
[Black "Nguyen, Piotr"]
[Result "1-0"]
[WhiteTitle "GM"]
[WhiteElo "2544"]
[BlackElo "2329"]
[WhiteFideId "2809958"]
[BlackFideId "1127993"]
[EventDate "2015.12.12"]

1. d4 f5 2. Bg5 g6 3. Nc3 Bg7 4. e4 fxe4 5. Nxe4 d5 6. Ng3 c5 7. Nf3 Nc6 8. Qd2
cxd4 9. Bb5 Qb6 10. Bxc6+ bxc6 11. O-O Bg4 12. Nh4 Nf6 13. Rfe1 Qxb2 14. Rab1
Qxa2 15. Qxd4 Qc4 16. Rxe7+ Kxe7 17. Qe5+ Kf7 18. Bxf6 Bf8 19. Rb7+ Kg8 20. Bxh8 1-0

[Event "London Classic Superrapid"]
[Site "London ENG"]
[Date "2015.12.13"]
[Round "7.3"]
[White "Speelman, Jon S"]
[Black "Howell, David W L"]
[Result "1/2-1/2"]
[WhiteTitle "GM"]
[BlackTitle "GM"]
[WhiteElo "2517"]
[BlackElo "2693"]
[WhiteFideId "400033"]
[BlackFideId "410608"]
[EventDate "2015.12.12"]

1. d4 Nf6 2. Nf3 g6 3. Bf4 Bg7 4. e3 d6 5. h3 O-O 6. Be2 Nfd7 7. O-O e5 8. Bh2
Nc6 9. c3 f5 10. a4 Qe7 11. a5 a6 12. Nbd2 Kh8 13. b4 g5 14. Nb3 g4 15. hxg4
fxg4 16. Nfd2 Nf6 17. b5 axb5 18. Bxb5 Bd7 19. c4 exd4 20. exd4 Nh5 21. d5 Nd4
22. Bxd7 Qxd7 23. Ra3 Rae8 24. Nxd4 Bxd4 25. Nb3 Ba7 26. Nd4 Nf4 27. Bxf4 Rxf4
28. Ne6 Rxe6 29. dxe6 Qxe6 30. g3 Rxc4 31. a6 bxa6 32. Rxa6 Bd4 33. Qd2 Qe5 34.
Ra3 Kg7 35. Re1 Rc2 36. Qxc2 Qxe1+ 37. Kg2 Qe7 38. Qf5 h5 39. Ra2 Qe5 40. Qxe5+
Bxe5 41. Ra7 Kg6 42. Rxc7 Kg5 43. Kf1 h4 44. gxh4+ Kxh4 45. Kg2 Kg5 46. Rc4 Kf5
47. Ra4 Kg5 1/2-1/2

[Event "London Classic Superrapid"]
[Site "London ENG"]
[Date "2015.12.13"]
[Round "7.4"]
[White "Lenderman, Aleksandr"]
[Black "Cherniaev, Alexander"]
[Result "1-0"]
[WhiteTitle "GM"]
[BlackTitle "GM"]
[WhiteElo "2627"]
[BlackElo "2441"]
[WhiteFideId "2021285"]
[BlackFideId "4117301"]
[EventDate "2015.12.12"]

1. d4 Nf6 2. c4 d6 3. Nf3 g6 4. Nc3 Bf5 5. d5 Bg7 6. Nd4 Bd7 7. e4 e5 8. Nb3 a5
9. Bg5 h6 10. Bh4 O-O 11. Be2 Qe8 12. O-O h5 13. Bg5 Nh7 14. Be3 b6 15. Nd2 Qe7
16. a3 a4 17. Nb5 Qd8 18. Nb1 Bxb5 19. cxb5 Nd7 20. Nc3 Nc5 21. Bxc5 dxc5 22.
Nxa4 Nf6 23. Nc3 Ne8 24. b4 cxb4 25. axb4 Rxa1 26. Qxa1 Nd6 27. Qa2 f5 28. Bd3
h4 29. h3 Rf7 30. Ra1 Qg5 31. Qe2 Qf4 32. Qc2 Bh6 33. Rd1 Qg5 34. Qe2 Qf4 35.
Bc2 Kf8 36. Bd3 Kg7 37. Re1 Qd2 38. Nb1 Qxe2 39. Rxe2 Kf6 40. Nc3 Rf8 41. Ra2
Rf7 42. Kf1 Bf8 43. Ra4 Kg5 44. f3 Kf6 45. Ke2 Bh6 46. Ra8 Bf8 47. Nd1 Bh6 48.
Nb2 Bf8 49. Ra1 Ne8 50. Ra4 Nd6 51. Nd1 Bh6 52. Ra2 Bf8 53. Rc2 Kg5 54. Ne3 Kf4
55. Rc1 Kg3 56. Rc6 Kf4 57. Kf2 Kg5 58. exf5 gxf5 59. Nc4 Nxc4 60. Bxc4 Bd6 61.
Ke3 Rf8 62. Bd3 Ra8 63. Rc4 Ra3 64. Ke2 Ra1 65. Bc2 1-0

[Event "London Classic Superrapid"]
[Site "London ENG"]
[Date "2015.12.13"]
[Round "7.5"]
[White "Hawkins, Jonathan"]
[Black "Rowson, Jonathan"]
[Result "1/2-1/2"]
[WhiteTitle "GM"]
[BlackTitle "GM"]
[WhiteElo "2563"]
[BlackElo "2569"]
[WhiteFideId "412686"]
[BlackFideId "2400561"]
[EventDate "2015.12.12"]

1. d4 Nf6 2. c4 e6 3. Nc3 Bb4 4. Qc2 Nc6 5. Nf3 O-O 6. Bd2 d6 7. a3 Bxc3 8. Bxc3
Qe7 9. e3 e5 10. dxe5 dxe5 11. Be2 a5 12. b3 Bg4 13. O-O Rfe8 14. Rfe1 Bh5 15.
Nh4 Bxe2 16. Rxe2 Qe6 17. Qf5 Qxf5 18. Nxf5 Ne4 19. Be1 Red8 20. f3 Nc5 21. Rb1
g6 22. Ng3 f5 23. Rc2 Rd3 24. b4 axb4 25. axb4 Ne6 26. b5 Nb8 27. e4 f4 28. Ne2
Nd7 29. Bb4 c5 30. bxc6 bxc6 31. Be1 Ndc5 32. Rcb2 Kf7 33. Kf1 Kf6 34. Rb6 Rc8
35. Bb4 g5 36. Kf2 h5 37. Ra1 Re3 38. Nc1 Nd3+ 39. Nxd3 Rxd3 40. Ra7 g4 41. Rbb7
c5 42. Rf7+ Kg6 43. Rfe7 Rc6 44. Ra3 Rxa3 45. Bxa3 Ra6 46. Bb2 Kf6 47. Rb7 Ra4
48. Rh7 Ra2 49. Rb7 Nd4 50. h4 g3+ 51. Kf1 Ra4 52. Rb6+ Ke7 53. Rh6 Rb4 54. Bxd4
exd4 55. Rxh5 Rxc4 56. Rd5 Rc1+ 57. Ke2 Rc2+ 58. Kd3 Rxg2 59. Rxc5 Rf2 60. Kxd4
Rxf3 61. Rg5 Rf2 62. h5 Ra2 63. Rg7+ Kf6 64. Rg6+ Kf7 65. Ke5 Rf2 66. Rg4 Ra2
67. Kxf4 Rh2 68. Rxg3 Rxh5 1/2-1/2

[Event "London Classic Superrapid"]
[Site "London ENG"]
[Date "2015.12.13"]
[Round "7.6"]
[White "Bauer, Christian"]
[Black "Baron, Tal"]
[Result "1/2-1/2"]
[WhiteTitle "GM"]
[BlackTitle "GM"]
[WhiteElo "2626"]
[BlackElo "2544"]
[WhiteFideId "603767"]
[BlackFideId "2809958"]
[EventDate "2015.12.12"]

1. d4 Nf6 2. Nf3 d5 3. g3 c5 4. Bg2 cxd4 5. O-O h6 6. b3 Nbd7 7. Nxd4 e5 8. Nf3
Bc5 9. Nc3 d4 10. Na4 Be7 11. c3 dxc3 12. Nxc3 O-O 13. Bb2 Re8 14. Rc1 Qa5 15.
Nd2 Nb6 16. a3 Qa6 17. a4 Bd7 18. Nb5 Bxb5 19. axb5 Qxb5 20. Bxb7 Rad8 21. Bc6
Qa5 22. Rc2 Rf8 23. Qa1 Qxa1 24. Rxa1 Nfd5 25. Bxd5 Nxd5 26. Nc4 Nb4 27. Rcc1
Bg5 28. Rcb1 Nc6 29. Ra6 Rc8 30. Rd1 Be7 31. Bxe5 Bc5 32. Bc3 Rfe8 33. e3 Re7
34. Rd5 Nb8 35. Ra5 Bb6 36. Ra2 Rb7 37. Nd6 Rd8 38. Rad2 Rbd7 39. e4 Na6 40. Nf5
Rxd5 41. exd5 f6 42. b4 Kf7 43. h4 Nc7 44. d6 Nb5 45. Bb2 h5 46. d7 Bc7 47. Rd5
a6 48. Nd4 Nd6 49. Rxh5 Rxd7 50. Rd5 Re7 51. Kf1 Nc4 52. Bc1 Nb6 53. Ra5 Re4 54.
Be3 Bxg3 55. Nf5 Bxf2 56. Kxf2 Rxb4 57. Rxa6 Nd5 58. h5 Kg8 59. Bd2 Rb2 60. Ke1
Rb1+ 61. Ke2 Rb2 62. Kd3 Rb7 63. Rd6 Ne7 64. Rd8+ Kh7 65. Nd6 Ra7 66. Re8 Rd7
67. Ke2 Nc6 68. Nf5 Rd5 69. Ng3 Re5+ 70. Rxe5 Nxe5 71. Ne4 Nd7 72. Nd6 g6 73. h6
g5 74. Nf5 Ne5 75. Bc3 Ng4 76. Nd6 Kxh6 77. Kf3 Ne5+ 78. Ke4 Kg6 1/2-1/2

[Event "London Classic Superrapid"]
[Site "London ENG"]
[Date "2015.12.13"]
[Round "7.7"]
[White "Arkell, Keith C"]
[Black "Hebden, Mark L"]
[Result "1/2-1/2"]
[WhiteTitle "GM"]
[BlackTitle "GM"]
[WhiteElo "2499"]
[BlackElo "2467"]
[WhiteFideId "400270"]
[BlackFideId "400084"]
[EventDate "2015.12.12"]

1. d4 Nf6 2. Nf3 g6 3. c4 Bg7 4. Nc3 O-O 5. g3 d6 6. Bg2 Nc6 7. O-O Rb8 8. Re1
Re8 9. h3 e5 10. dxe5 dxe5 11. Qxd8 Nxd8 12. Be3 a6 13. Nd5 Ne6 14. Red1 Nd7 15.
Ng5 Ndf8 16. Ne4 Nd7 17. Ng5 Ndf8 18. Ne4 Nd7 19. Ng5 Ndf8 1/2-1/2

[Event "London Classic Superrapid"]
[Site "London ENG"]
[Date "2015.12.13"]
[Round "7.8"]
[White "Emms, John M"]
[Black "Gharamian, Tigran"]
[Result "0-1"]
[WhiteTitle "GM"]
[BlackTitle "GM"]
[WhiteElo "2463"]
[BlackElo "2654"]
[WhiteFideId "400254"]
[BlackFideId "13301527"]
[EventDate "2015.12.12"]

1. e4 g6 2. d4 Bg7 3. Nf3 d6 4. Nc3 a6 5. Be3 b5 6. Qd2 Bb7 7. Bd3 Nf6 8. Bh6
O-O 9. Bxg7 Kxg7 10. e5 Ng8 11. O-O-O Nd7 12. Be4 Bxe4 13. Nxe4 d5 14. Ng3 e6
15. h4 h6 16. h5 g5 17. Nh2 f5 18. exf6+ Qxf6 19. Kb1 Qxf2 20. Qd3 Kh8 21. Rd2
Qf6 22. Re1 Rae8 23. Rde2 c5 24. dxc5 Nxc5 25. Qe3 Na4 26. c3 Qf4 27. b3 Qxe3
28. Rxe3 Nc5 29. b4 Na4 30. Rxe6 Rxe6 31. Rxe6 Rf2 32. Ng4 Nxc3+ 33. Kc1 Rxg2
34. Nxh6 Nxa2+ 35. Kd1 Rxg3 36. Re8 Rg1+ 37. Kd2 Kg7 38. Nxg8 Rh1 39. h6+ Kf7
40. Ra8 Nxb4 41. Ne7 Rxh6 42. Nf5 Rc6 43. Ke3 Kf6 44. Nd4 Rc3+ 45. Ke2 g4 46.
Rg8 Rc4 47. Ke3 Nc2+ 48. Nxc2 Rxc2 49. Rxg4 Rc3+ 50. Kd2 Rc4 51. Rg8 Ke5 52. Ra8
Rc6 53. Kd3 d4 54. Re8+ Kd5 55. Rd8+ Kc5 56. Ra8 Kb4 57. Kxd4 a5 0-1

[Event "London Classic Superrapid"]
[Site "London ENG"]
[Date "2015.12.13"]
[Round "7.9"]
[White "Kilpatrick, Callum"]
[Black "Ghasi, Ameet K"]
[Result "1-0"]
[WhiteTitle "FM"]
[BlackTitle "IM"]
[WhiteElo "2352"]
[BlackElo "2469"]
[WhiteFideId "414425"]
[BlackFideId "409200"]
[EventDate "2015.12.12"]

1. e4 g6 2. d4 d6 3. Nc3 Nf6 4. g3 Bg7 5. Bg2 O-O 6. Nge2 Nc6 7. O-O e5 8. h3
exd4 9. Nxd4 Re8 10. Be3 Bd7 11. Re1 Qc8 12. Kh2 Re5 13. f3 Qe8 14. Qd2 a6 15.
Nde2 h5 16. Nf4 Qf8 17. Nd3 Re7 18. Bg5 Ree8 19. Rad1 Rac8 20. Bf4 Nh7 21. Nd5
b5 22. Nf2 Be6 23. c3 Ne5 24. Nd3 Nc4 25. Qf2 Bxd5 26. exd5 Rxe1 27. Rxe1 Nf6
28. Nb4 a5 29. Nc6 Nxd5 30. Bg5 Re8 31. f4 Rxe1 32. Qxe1 Nf6 33. b3 Nb6 34. Nxa5
Nfd5 35. Nc6 Nxc3 36. f5 gxf5 37. Ne7+ Kh8 38. Nxf5 Be5 39. Qe3 Qg8 40. h4 Qg6
41. Ne7 Qg7 42. Qf3 Qh7 43. Bf6+ Bxf6 44. Qxf6+ Qg7 45. Qf3 Kh7 46. Qxh5+ Qh6
47. Qxf7+ Qg7 48. Qh5+ Qh6 49. Qf3 Qg7 50. Qh5+ Qh6 51. Qf5+ Kg7 52. Qg4+ Kf7
53. Nf5 Qf6 54. Qh5+ Kf8 55. Bc6 Qe5 56. Qh6+ Kg8 57. Qg6+ Kf8 58. Nh6 Ke7 59.
Qe8+ Kf6 60. Ng4+ 1-0